Quizzes
Events
Quiz Creation
Community
Videos
Private Events
Remove Ads
Sign In
Join for FREE
Feedback
Dark Mode
Quiz Categories
Sports
Geography
Music
Movies
Television
Just For Fun
Miscellaneous
History
Literature
Language
Science
Gaming
Entertainment
Religion
Holiday
For Kids
Quiz Lab
Recent
Popular Today
Quiz Kudos Today
Editor Picks
Curator Picks
Quizzes by...
Day
Popularity
Type
Ratings
Length
Year
Community
Subscriptions
Recent Discussions
Orange Saloon
Badges
Playlists
Quests
Create
Leaderboards
Showdown
Live 5
Trivia Bingo
Activity
Puzzle Library
Sporcle Events
Private Events
Virtual Trivia
Globe League
Become a Host
Pub Owners
SporcleCon
Opinionation
Our Games
Videos
Blog
Mobile Apps
Partnerships
Remove Ads and Go Orange
Feedback
Geography
Country
Landmarks
City
State
Population
World
Capital
Continent
Flags
Europe
Africa
Asia
South America
North America
Oceania
Border
Canada
United Kingdom
Topography
United States
Geography
Country
Landmarks
City
State
Population
World
Capital
Continent
Flags
Europe
Africa
Asia
South America
North America
Oceania
Border
Canada
United Kingdom
Topography
United States
Random Quiz
Search Sporcle
×
Quiz Lab
Quiz Lab
Geography
Country
Click on regions of an image
Click on regions of an image
Picture Click
Best Score? Go Orange.
Find the Countries of the World (2) Stats
Can you find some countries of the world?
By
sudeepd2605
20m
43 Questions
81 Plays
81 Plays
81 Plays
Comments
Comments
Give Quiz Kudos
Give Quiz Kudos
-
- Ratings
hide this ad
More Info
Forced Order
Answers have to be entered in order
Answers have to be entered in order
Replay
Link that replays current quiz
Next Quiz
Link to next quiz in quiz playlist
You Got
0%
They Got
Avg Score
91%
Avg Friend Score
Upgrade to see
Score Distribution
Jump to the score distribution portion of the page
Score
0/43
Timer
20:00
0
Plays Today
% Correct
Canada
96.3%
Mexico
95.1%
Argentina
95.1%
Portugal
95.1%
South Korea
95.1%
Saudi Arabia
95.1%
India
95.1%
New Zealand
95.1%
Cuba
93.8%
Chile
93.8%
UK
93.8%
Russia
93.8%
Ukraine
93.8%
Romania
93.8%
Indonesia
93.8%
Australia
93.8%
Israel
93.8%
Colombia
92.6%
Poland
92.6%
Iraq
92.6%
Sri Lanka
92.6%
Algeria
92.6%
% Correct
Singapore
92.6%
Estonia
91.4%
Syria
91.4%
Afghanistan
91.4%
Chad
91.4%
Rep. Congo
91.4%
Côte d'Ivoire
91.4%
Cabo Verde
91.4%
Iran
90.1%
Ecuador
88.9%
Azerbaijan
88.9%
Angola
88.9%
CAR
88.9%
Rwanda
88.9%
Armenia
87.7%
El Salvador
86.4%
Antigua
and Barbuda
86.4%
Costa
Rica
85.2%
Nauru
85.2%
Cameroon
84%
Comoros
84%
Quiz Playlist
Details
Report
Send in Message
Add To Playlist
More Info:
Several very small countries are represented by a box.
Countries represented twice (via insets) are grayed out if they are not clickable areas.
Picture Click:
Click on regions of an image
Forced Order:
Answers have to be entered in order
Quiz Source
Last Updated: Dec 3, 2018
Quiz Scoreboard
CHALLENGE
Sign Up to Join the Scoreboard
Show All
Scores
Hide
Comments
May contain spoilers
Recently Published
An Introduction to Baseball
by treessimontrees
Sports
5m
Movies - When Are They Set?
by FPL_Elf
Movies
5m
Popular People in 1961
by mucciniale
History
6m
More to Explore
Quiz From the Vault
Featured Blog Post
Where Did the Easter Bunny Come From?
hide this ad
You Might Also Like...
Tags
Country Quiz
World Quiz
Copy
Today's Top Quizzes in Geography
Browse Geography
hide this ad
Today's Top Quizzes in Country
Browse Country
Top Contributed Quizzes in Geography
1
Countries of the World - No Outlines Minefield
2
Top 25 Cities of France on a map
3
Any capital of a 'B' country per Continent
4
Closest Countries to UK A-Z
5
One Thing in Common: United Kingdom
6
Any capital of a 'C' country per Continent
7
Find the Provinces of Canada - No Outlines Minefield
8
Any capital of a 'D' country per Continent
9
Find the US States - No Outlines
10
Blind Secret Country CLXXXVIII
Explore More
Trending Topics
Kpop
Marvel
NBA
Anime
Disney
Crossword
Harry Potter
Puzzle
The Office
Soccer
Country
NFL
WWE
Pokémon
Song
hide this ad
More By:
sudeepd2605
Quiz
Plays
Rating
Category
Featured
Created
MAROON 5 - GIRLS LIKE YOU LYRICS
795
2.00
Music
Dec 21, 2018
MCU MOVIES - VILLIANS - SPECIES
613
3.50
Movies
Dec 13, 2018
Most Grossing Film Per Franchise
236
3.63
Movies
Jan 12, 2019
SPORCLE - WALT DISNEY MOVIES
216
5.00
Movies
Dec 4, 2018
Harry Potter: 2nd Most Mentioned
202
4.17
Literature
Nov 2, 2019
Go to Creator's Profile
Score Distribution
Quiz Creator Spotlight
sudeepd2605
Follow
Send a Message
Quizzes Created
-
Created Quiz Play Count
-
More By This Creator
Popular Quizzes Today
1
Find the Countries of Europe - No Outlines Minefield
2
Find the US States - No Outlines Minefield
3
The Countries of the World
4
Popular People in 1961
5
Find the US States
6
US States
7
1-10 Letter E Words III
8
Risky Map Clicking: Biggest States A-Z
More Geography Quizzes
Big and Populous Countries Minefield
Published
Trending Quizzes
Risky Map Clicking: Least Populous States A-Z
1-10 Letter F Words
1-10 Letter G Words
One Thing in Common: United Kingdom
Risky Map Clicking: Next State Alphabetically
Recently Updated
Leaping Animals
pecheneg
Reality TV Shows (A-Z)
bhenderson79
Rickey Henderson's Hall of Fame Teammates
pecheneg
Champions League XIs: Arsenal
pecheneg
Quick Pick: Celebrities in WWE's Hall of Fame
aduchscher
A-Z Keypad Blitz II
pecheneg
Multiple Oscar Actors
pecheneg
Mystery Phrase Blitz: Oscar 'Best Actors'
pecheneg
F. Scott Fitzgerald Novels
LTH
Pick 3 Villains
ddd62291
Trending Topics
NBA
Disney
Anime
Kpop
Crossword
Harry Potter
Marvel
The Office
Pokémon
Country
Puzzle
Soccer
Song
NFL
WWE
Your Account Isn't Verified!
In order to create a playlist on Sporcle, you need to verify the email address you used during registration. Go to your
Sporcle Settings
to finish the process.
Report this User
Report this user for behavior that violates our
Community Guidelines
.
Details:
Send Report
Go to the Sporcle.com Mobile Site →
Comments